Diseño para el desarrollo sostenible (Record no. 10875)

MARC details
000 -CABECERA
campo de control de longitud fija 01171nam a22002897a 4500
001 - NÚMERO DE CONTROL
campo de control BRCA_9256
003 - IDENTIFICADOR DEL NÚMERO DE CONTROL
campo de control FranzMayer
005 - FECHA Y HORA DE LA ÚLTIMA TRANSACCIÓN
campo de control 20230717140117.0
008 - DATOS DE LONGITUD FIJA--INFORMACIÓN GENERAL
campo de control de longitud fija 230714b |||||||| |||| 00| 0 eng d
020 ## - NÚMERO INTERNACIONAL ESTÁNDAR DEL LIBRO
Número Internacional Estándar del Libro 9786073022705
040 ## - FUENTE DE LA CATALOGACIÓN
Centro catalogador/agencia de origen MFM
Lengua de catalogación esp
Centro/agencia transcriptor MFM
041 ## - CÓDIGO DE LENGUA
Código de lengua del texto/banda sonora o título independiente esp
050 #0 - SIGNATURA TOPOGRÁFICA DE LA BIBLIOTECA DEL CONGRESO
Número de clasificación NC675.M49
Número de documento/Ítem U53 2021
110 1# - ENTRADA PRINCIPAL--NOMBRE DE ENTIDAD CORPORATIVA
Código de función/relación Editorial
Nombre de entidad corporativa o nombre de jurisdicción como elemento de entrada UNAM
9 (RLIN) 28724
240 1# - TÍTULO UNIFORME
Título uniforme Diseño para el desarrollo sostenible
Medio Proyectos ganadores del Premio Nacional de Diseño: Diseña México 2019
Lenguaje de la obra esp-ing
245 0# - MENCIÓN DE TÍTULO
Título Diseño para el desarrollo sostenible
Resto del título Proyectos ganadores del Premio Nacional de Diseño: Diseña México 2019
260 ## - PUBLICACIÓN, DISTRIBUCIÓN, ETC.
Lugar de publicación, distribución, etc. CDMX, México
Nombre del editor, distribuidor, etc. UNAM
Fecha de publicación, distribución, etc. 2021
300 ## - DESCRIPCIÓN FÍSICA
Extensión 1 v.
Otras características físicas Ilustraciones a color
Dimensiones 22 cm
500 ## - NOTA GENERAL
Nota general L60/N5
505 0# - NOTA DE CONTENIDO CON FORMATO
Nota de contenido con formato Destinado a: Diseñadores, artistas, fotógrafos, museógrafos, historiadores, investigadoresTexto en: Español e inglés.Incluye índice (temático)
610 1# - PUNTO DE ACCESO ADICIONAL DE MATERIA--NOMBRE DE ENTIDAD CORPORATIVA
Fuente del encabezamiento o término Editorial
Nombre de entidad corporativa o nombre de jurisdicción como elemento de entrada UNAM
9 (RLIN) 28725
650 1# - PUNTO DE ACCESO ADICIONAL DE MATERIA--TÉRMINO DE MATERIA
Fuente del encabezamiento o término Diseño
Término de materia o nombre geográfico como elemento de entrada Arte
Subdivisión de forma Innovación
Subdivisión general México
9 (RLIN) 28726
651 2# - PUNTO DE ACCESO ADICIONAL DE MATERIA--NOMBRE GEOGRÁFICO
Fuente del encabezamiento o término Diseñadores
Nombre geográfico Premios
Subdivisión de forma México
9 (RLIN) 28727
700 1# - PUNTO DE ACCESO ADICIONAL--NOMBRE DE PERSONA
Código de función/relación Ed y Dis
Nombre de persona Frías Peña, Julio
9 (RLIN) 28728
700 1# - PUNTO DE ACCESO ADICIONAL--NOMBRE DE PERSONA
Código de función/relación Dis.
Nombre de persona Moreno Arévalo, Georgina
9 (RLIN) 28729
942 ## - ELEMENTOS DE PUNTO DE ACCESO ADICIONAL (KOHA)
Fuente del sistema de clasificación o colocación Library of Congress Classification
Tipo de ítem Koha Libros
Holdings
Estado de retiro Estado de pérdida Fuente del sistema de clasificación o colocación Estado dañado No para préstamo Código de colección Localización permanente Ubicación/localización actual Fecha de adquisición Fuente de adquisición Total de préstamos Signatura topográfica completa Código de barras Fecha visto por última vez Número de copia Precio válido a partir de Tipo de ítem Koha
El ejemplar forma parte de la colección y puede ser consultado según las políticas vigentes.   Library of Congress Classification     Fondo Contemporáneo Biblioteca del Museo Franz Mayer (Rogerio Casas-Alatriste) Biblioteca del Museo Franz Mayer (Rogerio Casas-Alatriste) 14/07/2023 Donación   NC675.M49 U53 2021 CONT10053 14/07/2023 1 14/07/2023 Libros
El ejemplar forma parte de la colección y puede ser consultado según las políticas vigentes.   Library of Congress Classification     Fondo Contemporáneo Biblioteca del Museo Franz Mayer (Rogerio Casas-Alatriste) Biblioteca del Museo Franz Mayer (Rogerio Casas-Alatriste) 14/07/2023 Donación   NC675.M49 U53 2021 CONT10054 14/07/2023 2 14/07/2023 Libros